| 000 | 00368nam a2200145Ia 4500 | ||
|---|---|---|---|
| 008 | 220803s9999 xx 000 0 und d | ||
| 020 | _a9789350096857 | ||
| 041 | _aeng | ||
| 082 | _a820 CHA | ||
| 100 |
_aChalloner J Ed. _924770 |
||
| 245 | _a1001 Inventions That Changed The Word | ||
| 260 |
_aLondon _bCassell Illustrated _c2014 |
||
| 300 | _a961p | ||
| 500 | _aARCHI | ||
| 999 |
_c15659 _d15659 |
||